| 000 | 01113nam a2200217 i 4500 | ||
|---|---|---|---|
| 001 | 165520 | ||
| 003 | ES-MaACL | ||
| 005 | 20250719062546.0 | ||
| 008 | 030828s1895 sp |||| | spa d | ||
| 100 | 1 |
_aSoler, Adolfo. _9132806 |
|
| 245 | 1 | 0 |
_aSumarias indicaciones sobre la reforma penitenciaria y el trabajo en las prisiones / _cpor Adolfo Soler. |
| 260 |
_aMadrid : _b[s.n.], _c1895 ( _fImp. de José González Álvarez) |
||
| 300 |
_a126 p. ; _c20 cm. |
||
| 650 | 4 |
_aEstablecimientos penitenciarios- _zEspaña. _9145832 |
|
| 650 |
_aDerecho penitenciario- _zEspaña. _9176229 |
||
| 852 |
_aES-MaACL _jD-261(7) _9171866 _bR.FOLL.10/7 _cSVI _dOlim: 193-C-17 _fSello en tinta en portada: "Donativo del Sr. Lastres al Ateneo de Madrid. 1907" _gAnotación manuscrita en portada: "Folletos penitenciarios. T.17" _hDonación: Francisco Lastres y Juiz _xEncuadernación holandesa _xEncuadernado con otras obras formando un volumen facticio |
||
| 903 |
_aLastres y Juiz, Francisco, _d1848-1918 _q1 _ednr _970504 |
||
| 942 |
_2udc _cFOLLETOS |
||
| 999 |
_c165520 _d165520 |
||